00885nam a2200205 a 4500008004100000020001500041050001500056100001600071245007400087250001200161260003700173300002100210350000900231650003800240650004100278700001900319995016200338995016200500999001700662070215s2004 ||||||||||||||||| || u a0748779493 aTA 330 Tay aGreer, Alex10aBTEC national mathematics for technicianscGraham Taylor; Alex Greer a3rd ed. aCheltenhambNelson Thornesc2004 avii, 245p.: ill. a0.00 0aELECTRIC ENGINEERING--MATHEMATICS 0aMATHEMATICS--HANDBOOKS, MANUALS, ETC aTaylor, Graham aMAIN LIBRARY OPEN ACCESSD0.00e737644FCBU-MAIN LIBRARY (Kitwe)H1I0.00jTA 330 TayM1UAVAILABLEWFeb 15, 2007y53086ZMain Library Open Access Collection aMAIN LIBRARY OPEN ACCESSD0.00e737645FCBU-MAIN LIBRARY (Kitwe)H1I0.00jTA 330 TayM2UAVAILABLEWFeb 15, 2007y53053ZMain Library Open Access Collection c78879d78879